000 00684nam a22002177a 4500
005 20130710120207.0
010 _aENG-107927
020 _a9788120348134
_c725.00
035 _aEN-91460
037 _bDBAD/PUB
100 _aLevine, David M.
245 _aStatistics for managers :
_cby David M. Levine, David F. Stephan [and] Kathryn A. Szabat
_busing Microsoft Excel /
250 _a7th ed
260 _aDelhi
_bPHI Learning
_c2014
270 _aRimjhim house, 111, Patparganj Industrial Estate
_bDelhi
_e110092
300 _axxviii, 757p. :
_c32cm(pbk)
_bill.
500 _aIncludes index
700 _aStephan, David F.
700 _aSzabat, Kathryn A.
942 _2ddc
_cEN
_mLEV
999 _c77365
_d77365